| 000 | 00480nam a2200193Ia 4500 | ||
|---|---|---|---|
| 003 | IIN | ||
| 005 | 20240129161718.0 | ||
| 008 | 231217s9999 xx 000 0 und d | ||
| 020 |
_cRs.625.00 _a9780808924663 |
||
| 040 |
_aIIN _bEnglish |
||
| 082 |
_a610.3 _bDOR |
||
| 100 | 1 | _aDorland | |
| 245 | 1 |
_aPocket Medical Dictionary _cDorland |
|
| 250 | _a29th ed | ||
| 260 |
_bElsevier _aNew Delhi _c2013 |
||
| 300 | _axxiii, 848 p. | ||
| 650 | 1 |
_aDictionary _vMedical |
|
| 942 | _cREF | ||
| 999 |
_c251 _d251 |
||